Código Orgánico de Tribunales. Anotaciones y Concordancias. Índice Temático. Títulos de Artículos del Cuerpo del Código y de las Normas del Apéndice.

Na minha lista:
Detalhes bibliográficos
Autor Corporativo: Chile
Outros Autores: Hernández De Lamotte, Diego (Director), Fuchs Nissim, Andrés (Director)
Formato: Livro
Idioma:inglês
Publicado em: Santiago, Chile: Legal Publishing; Thomson Reuters, 2024.
Edição:Vigésima Cuarta Edición.
Colecção:Colección de Códigos 2024.
Assuntos:
Tags: Adicionar Tag
Sem tags, seja o primeiro a adicionar uma tag!

MARC

LEADER 00000nam a22000007a 4500
003 CL-VaPUC
005 20240926123143.0
008 240319t2024 ||||| |||| 00| 0 eng d
999 |c 443258  |d 443256 
020 |a 978-956-400-431-0 
040 |c Pontificia Universidad Católica de Valparaíso 
082 0 4 |a 347.8301 CHI 2024 
110 1 |a Chile  |9 890760 
245 |a Código Orgánico de Tribunales.  |b Anotaciones y Concordancias. Índice Temático. Títulos de Artículos del Cuerpo del Código y de las Normas del Apéndice. 
250 |a Vigésima Cuarta Edición.  |b Actualizada al 3 de enero de 2024. 
260 |a Santiago, Chile:  |b Legal Publishing;  |b Thomson Reuters,  |c 2024. 
300 |a XI, 642 páginas. 
490 0 |a Colección de Códigos 2024. 
505 |a -Ley N.º 7.421. -Título I. Del Poder Judicial y de la Administración de Justicia en general. -Título II. De los juzgados de garantía y de los tribunales de juicio oral en lo penal. -Título III. De los Jueces de Letras. -Título IV. De los Presidentes y Ministros de Corte como tribunales unipersonales. -Título V. Las Cortes de Apelaciones. -Título VI. La Corte Suprema. -Título VI BIS. De la realización de audiencias bajo la modalidad semipresencial o vía remota en los procedimientos penales en trámite ante los juzgados de Garantía, los Tribunales de Juicio Oral en lo Penal, las Cortes de Apelaciones y la Corte Suprema. -Título VII. La competencia. -Título VIII. De la subrogación e integración. -Título IX. De los Jueces Árbitros. -Título X. De los Magistrados y del Nombramiento y Escalafón de los Funcionarios Judiciales. -Título XI. Los Auxiliares de la Administración de Justicia. -Título XII. Disposiciones generales aplicables a los auxiliares de la Administración de Justicia. -Título XIII. De los empleados u oficiales de secretaría. -Título XIV. La Corporación Administrativa del Poder Judicial. -Título XV. Los abogados. -Título XVI. De la jurisdicción disciplinaria y de la inspección y vigilancia de los servicios judiciales. -Título XVII. De la asistencia judicial y del privilegio de pobreza. Apéndice: -Ley N.º 19.665. Reforma el Código Orgánico de Tribunales. (D.O. de 9 de marzo de 2000). -Ley N.º 16.618. Decreto con Fuerza de Ley N.º 1. Fija texto refundido, coordinado y sistematizado del Código Civil; de la Ley N.º 4.808, sobre Registro Civil; de la Ley N.º 17.344, que Autoriza Cambio de Nombres y Apellidos; de la Ley N.º 16.618, Ley de Menores; de la Ley N.º 14.908 sobre Abandono de Familia y Pago de Pensiones Alimenticias, y de la Ley N.º 16.271, de Impuesto a las Herencias, Asignaciones y Donaciones. -Ley N.º 18.287. Establece procedimiento ante los Juzgados de Policía Local. (D.O. de 7 de febrero de 1984). -Ley N.º 19.968. Crea los Tribunales de Familia. (D.O. de 30 de agosto de 2004). -Ley N.º 21.226. Establece un régimen jurídico de excepción para los procesos judiciales, en las audiencias y actuaciones judiciales. y para los plazos y ejercicio de las acciones que indica, por el impacto de la enfermedad COVID-19 en Chile (D.O. de 2 de abril de 2020). -Ley N.º 21.394. Introduce reformas al sistema de justicia para enfrentar la situación luego del estado de excepción constitucional de catástrofe por calamidad pública (D.O. 30 de noviembre de 2021). 
583 |k GC  |c 20240319 
650 1 |a Código orgánico de tribunales  |9 256731 
650 1 |a Poder judicial   |9 254871 
650 1 |a Juzgados de garantía  |9 492236 
650 1 |a Tribunales de juicio oral   |9 891685 
650 1 |a Funcionarios judiciales  |9 382750 
650 1 |a Jurisprudencia  |x Tribunales   |9 891681 
700 |a Hernández De Lamotte, Diego   |e director  |9 861333 
700 |a Fuchs Nissim, Andrés  |e director  |9 814260 
942 |2 ddc  |c BK 
952 |0 0  |1 0  |2 ddc  |4 0  |6 347_830100000000000_CHI_2024  |7 0  |8 R  |9 593751  |a BIBDER  |b BIBDER  |d 2024-03-19  |e 31  |g 0.00  |i 5660434  |l 58  |o 347.8301 CHI 2024  |p 5660434  |r 2025-03-27  |s 2025-03-25  |t 1  |v 0.00  |w 2024-03-19  |y BK_R  |k DER 
952 |0 0  |1 0  |2 ddc  |4 0  |6 347_830100000000000_CHI_2024  |7 0  |8 R  |9 596149  |a BIBDER  |b BIBDER  |d 2024-07-30  |e 22  |g 38000.00  |i 5662287  |l 2  |m 1  |o 347.8301 CHI 2024  |p 5662287  |r 2025-04-02  |s 2024-08-08  |t 2  |v 38000.00  |w 2024-07-30  |y BK_R  |k DER